00465nam a2200145Ia 4500008004100000020001800041082001500059100001900074245005000093260000800143500001700151942000700168952012900175999001500304260604s9999 xx 000 0 und d a9781408855669 a823.91 ROW aROWLING935313 0aHARRY POTTER AND THE CHAMBER OF SECRETS - NEW bBLY aHarry Potter cBK 00104070aIIMVbIIMVcGENERALd2026-06-04g599.00l0o823.91 ROWp003707r2026-06-04 10:18:54v599.00w2026-06-04yBKBROW c8089d8089